| 000 | 00421nam a2200157Ia 4500 | ||
|---|---|---|---|
| 008 | 210210b2001 xxu||||| |||| 00| 0 eng d | ||
| 020 | _a81 87599 07 3 | ||
| 082 | _a793.73 INTI | ||
| 100 | _a- | ||
| 245 | _aINTIMATE QUIZ WORLD: Sydney 2000 with all about sydney olympics 2000. | ||
| 260 |
_aTiruvananthapuram. _bComputech Publishers., _c2001 |
||
| 300 | _a576 | ||
| 650 | _aquiz | ||
| 690 | _aQuiz | ||
| 906 | _a056769 | ||
| 999 |
_c104054 _d104054 |
||